Top 10 des pays atteints du Covid 19 - Statistiques

Statistiques générales
  • Ce quiz a été pris 368 fois
  • Le résultat moyen est 8 sur 10
Statistiques - réponses
Rang Nombre de cas Nom du pays % Correct
6 2  987  965 France
99%
1 24  688  129 États-Unis
92%
7 2  456  675 Espagne
89%
8 2  428  221 Italie
85%
4 3  677  352 Russie
84%
10 2  108  895 Allemagne
82%
5 3  543  646 Royaume-Uni
79%
3 8  699  814 Brésil
76%
2 10  625  428 Inde
73%
9 2  412  505 Turquie
36%
Aucun quiz correspondant
Distribution des résultats
% des personnes avec chaque résultat
Percentile par nombre de réponses
Votre historique - résultats
Vous n’avez pas pris ce quiz